[Event "Titled Tue 27th May Late"]
[Site "chess.com INT"]
[Date "2025.05.27"]
[Round "9"]
[White "Materia, Marco"]
[Black "Papasimakopoulos, Alexandros"]
[Result "1-0"]
[WhiteTitle "IM"]
[BlackTitle "IM"]
[WhiteElo "2489"]
[BlackElo "2366"]
[WhiteFideId "45150451"]
[BlackFideId "4244125"]
[EventDate "2025.05.27"]

1. Nf3 Nf6 2. c4 b6 3. g3 Bb7 4. Bg2 e6 5. O-O Be7 6. Nc3 O-O 7. Re1 Ne4 8. Qc2
Nxc3 9. bxc3 d5 10. cxd5 Bxd5 11. e4 Bb7 12. d4 c5 13. d5 exd5 14. exd5 Nd7 15.
d6 Bf6 16. Ng5 Bxg5 17. Bxb7 Rb8 18. Bxg5 Qxg5 19. Bc6 Rfd8 20. Rad1 Rbc8 21.
Qa4 Nf8 22. d7 Rc7 23. Re8 Qf6 24. Qe4 Rxc6 25. Rxd8 Qxd8 26. Qxc6 Ne6 27. Qc8
Kf8 28. Qxd8+ Nxd8 29. Re1 Ne6 30. Rxe6 h6 31. Re8# 1-0

[Event "Titled Tue 27th May Late"]
[Site "chess.com INT"]
[Date "2025.05.27"]
[Round "9"]
[White "Simonovic, Miroslav"]
[Black "Reinecke, Katharina"]
[Result "1-0"]
[WhiteTitle "CM"]
[BlackTitle "WCM"]
[WhiteElo "2092"]
[BlackElo "1921"]
[WhiteFideId "919152"]
[BlackFideId "12929727"]
[EventDate "2025.05.27"]

1. d4 c6 2. Bg5 Nf6 3. Bxf6 exf6 4. c4 d5 5. cxd5 cxd5 6. Nc3 Be7 7. e3 O-O 8.
g3 Bf5 9. Bg2 Be6 10. Nge2 Na6 11. O-O Rc8 12. a3 Nc7 13. Nf4 a6 14. Qb3 b5 15.
Ncxd5 Nxd5 16. Bxd5 Bxd5 17. Qxd5 Rc2 18. Qb3 Qc8 19. Nd5 Bd6 20. Nc3 Qf5 21. e4
Rxc3 22. bxc3 Qxe4 23. Rfe1 Qf5 24. c4 Rc8 25. c5 Bc7 26. Qe3 h6 27. Rad1 Ba5
28. Re2 Rd8 29. Qe4 Rd5 30. Qxf5 Rxf5 31. f4 b4 32. d5 bxa3 33. d6 Bb4 34. d7
Bxc5+ 35. Kg2 Bb6 36. d8=Q+ Bxd8 37. Rxd8+ Kh7 38. Ra2 Ra5 39. Rd3 Rb5 40. Rdxa3 1-0

[Event "Titled Tue 27th May Late"]
[Site "chess.com INT"]
[Date "2025.05.27"]
[Round "9"]
[White "Romero Ruscalleda, Josep"]
[Black "Papadopoulos, Georgios3"]
[Result "1-0"]
[WhiteTitle "FM"]
[BlackTitle "FM"]
[WhiteElo "2110"]
[BlackElo "2363"]
[WhiteFideId "2231859"]
[BlackFideId "4210271"]
[EventDate "2025.05.27"]

1. e4 e5 2. Nf3 Nc6 3. Bc4 Nf6 4. d4 exd4 5. e5 d5 6. Bb5 Ne4 7. Nxd4 Bc5 8. O-O
O-O 9. Bxc6 bxc6 10. Be3 Bxd4 11. Bxd4 c5 12. Be3 d4 13. Bf4 Bb7 14. f3 Ng5 15.
Nd2 Ne6 16. Bg3 Qd5 17. Qe2 a5 18. Rfe1 Ba6 19. Qe4 c6 20. a4 c4 21. Rad1 Rfd8
22. Qg4 Rab8 23. Ne4 Kh8 24. Nd6 Rd7 25. Qh5 g6 26. Qh6 Rxb2 27. Bh4 Rxc2 28.
Bf6+ Kg8 29. Re4 g5 30. Rg4 Rxd6 31. Rxg5+ Nxg5 32. Qg7# 1-0

[Event "Titled Tue 27th May Late"]
[Site "chess.com INT"]
[Date "2025.05.27"]
[Round "9"]
[White "Zhu, Jiner"]
[Black "Pyrih, Roman"]
[Result "0-1"]
[WhiteTitle "GM"]
[BlackTitle "FM"]
[WhiteElo "2541"]
[BlackElo "2429"]
[WhiteFideId "8608059"]
[BlackFideId "14179156"]
[EventDate "2025.05.27"]

1. Nf3 d5 2. c4 e6 3. e3 Nf6 4. b3 b6 5. Bb2 Bb7 6. Nc3 Nbd7 7. d4 a6 8. Bd3 c5
9. dxc5 Nxc5 10. Be2 dxc4 11. Bxc4 Be7 12. O-O b5 13. Be2 O-O 14. b4 Nce4 15.
Nxe4 Nxe4 16. a3 Bf6 17. Nd4 Rc8 18. Rc1 Qb6 19. Bf3 Rxc1 20. Qxc1 Rc8 21. Qd1
Nd6 22. Bxb7 Qxb7 23. Qb3 Nc4 24. Rc1 h6 25. Ba1 Nd2 26. Qd1 Rxc1 27. Qxc1 Nc4
28. h3 Qe4 29. a4 Bxd4 30. Bxd4 Qd3 31. axb5 axb5 32. Qa1 f6 33. Qa8+ Kh7 34. h4
e5 35. Bc5 Nd2 36. Kh2 Nf1+ 37. Kg1 Qb1 38. Qb7 Nxe3+ 39. Kh2 Nf1+ 40. Kh3 h5
41. Bf8 Qf5+ 0-1

[Event "Titled Tue 27th May Late"]
[Site "chess.com INT"]
[Date "2025.05.27"]
[Round "9"]
[White "Schuster, Karsten"]
[Black "Montano Vicente, Guadalupe"]
[Result "1-0"]
[WhiteTitle "FM"]
[WhiteElo "2266"]
[BlackElo "1940"]
[WhiteFideId "4611071"]
[BlackFideId "5181399"]
[EventDate "2025.05.27"]

1. e4 c5 2. Nf3 d6 3. Bb5+ Nd7 4. Nc3 Nf6 5. O-O e5 6. d3 Be7 7. Be3 O-O 8. a3
a6 9. Bc4 b5 10. Ba2 Bb7 11. b4 cxb4 12. axb4 Nb6 13. Ne2 Ng4 14. Bd2 d5 15. Ng3
dxe4 16. dxe4 Nf6 17. Nxe5 Nxe4 18. Nxe4 Bxe4 19. Re1 Bd5 20. Bxd5 Qxd5 21. Ra3
Bf6 22. Rd3 Qb7 23. Ng4 Qc6 24. Nxf6+ Qxf6 25. Bc3 Qg5 26. Rg3 Qh6 27. Bxg7 Qxg7
28. Rxg7+ Kxg7 29. Qd4+ f6 30. Qxb6 Rf7 31. g3 Raa7 32. Rd1 Rfb7 33. Qe6 Re7 34.
Qg4+ Kf7 35. Rd8 1-0

[Event "Titled Tue 27th May Late"]
[Site "chess.com INT"]
[Date "2025.05.27"]
[Round "9"]
[White "Onur, Cigdem"]
[Black "Wang, Daniel"]
[Result "0-1"]
[WhiteTitle "WCM"]
[BlackTitle "CM"]
[WhiteElo "1966"]
[BlackElo "2030"]
[WhiteFideId "6346030"]
[BlackFideId "3238873"]
[EventDate "2025.05.27"]

1. e4 c5 2. Nf3 d6 3. d4 cxd4 4. Nxd4 Nf6 5. Nc3 a6 6. Bg5 e6 7. f4 Be7 8. Qf3
Qc7 9. O-O-O Nbd7 10. Bd3 h6 11. Bh4 b5 12. Rhe1 Bb7 13. Qg3 O-O 14. e5 dxe5 15.
fxe5 Nh5 16. Qg4 Nxe5 17. Qxh5 Nxd3+ 18. Rxd3 Qf4+ 19. Kb1 Qxh4 20. Qe5 Bf6 21.
Qe3 Rad8 22. Nxe6 Rxd3 23. cxd3 fxe6 24. Qxe6+ Kh8 25. g3 Qd4 26. Re2 Qxd3+ 0-1

[Event "Titled Tue 27th May Late"]
[Site "chess.com INT"]
[Date "2025.05.27"]
[Round "9"]
[White "Cardenas Carbajal, Nilson"]
[Black "Marino Bravo, Miguel Angel"]
[Result "1-0"]
[WhiteTitle "CM"]
[BlackTitle "CM"]
[WhiteElo "2036"]
[BlackElo "2134"]
[WhiteFideId "8401128"]
[BlackFideId "2208970"]
[EventDate "2025.05.27"]

1. e4 c5 2. Nf3 Nc6 3. c3 Nf6 4. e5 Nd5 5. Be2 g6 6. d4 cxd4 7. cxd4 d6 8. Nc3
dxe5 9. dxe5 Nxc3 10. Qxd8+ Nxd8 11. bxc3 Bg7 12. O-O O-O 13. Ba3 Nc6 14. Bb5
Bg4 15. Rfe1 Rfe8 16. Bxc6 bxc6 17. Nd4 Bd7 18. Bc5 a6 19. f4 f6 20. e6 Bc8 21.
f5 gxf5 22. Nxf5 Bf8 23. Re3 Rb8 24. Rd1 Rb5 25. Rg3+ Kh8 26. Bxe7 Bxe6 27.
Bxf6+ Bg7 28. Nxg7 Rf8 29. Nxe6+ Rxf6 30. Rd8+ 1-0

[Event "Titled Tue 27th May Late"]
[Site "chess.com INT"]
[Date "2025.05.27"]
[Round "9"]
[White "Sobek, Jaroslav"]
[Black "Yevchenko, Oleksandr"]
[Result "0-1"]
[WhiteTitle "FM"]
[BlackTitle "CM"]
[WhiteElo "2195"]
[BlackElo "2276"]
[WhiteFideId "301388"]
[BlackFideId "14108267"]
[EventDate "2025.05.27"]

1. d4 Nf6 2. c4 e6 3. Bf4 d5 4. e3 Bb4+ 5. Nd2 O-O 6. a3 Bxd2+ 7. Qxd2 Ne4 8.
Qc2 c5 9. dxc5 Nc6 10. b4 Qf6 11. Rc1 a5 12. b5 Ne7 13. Nf3 Ng6 14. Bg3 Bd7 15.
Bd3 Nxc5 16. Bxg6 Qxg6 17. O-O dxc4 18. Qxc4 Rac8 19. Bd6 Nd3 20. Qa4 Rxc1 21.
Rxc1 Nxc1 22. Bxf8 Ne2+ 23. Kf1 Qd3 0-1

[Event "Titled Tue 27th May Late"]
[Site "chess.com INT"]
[Date "2025.05.27"]
[Round "9"]
[White "Ertan, Can"]
[Black "Chen, Yidong"]
[Result "0-1"]
[WhiteTitle "IM"]
[WhiteElo "2369"]
[BlackElo "2038"]
[WhiteFideId "6306330"]
[BlackFideId "8607028"]
[EventDate "2025.05.27"]

1. e4 c5 2. Nf3 d6 3. c3 Nf6 4. Qc2 Bg4 5. d4 Bxf3 6. gxf3 cxd4 7. cxd4 Nbd7 8.
Nc3 g6 9. Be3 Bg7 10. Qd2 h5 11. Rd1 Rc8 12. Bh3 O-O 13. f4 Ng4 14. Rg1 Nxe3 15.
Qxe3 e6 16. d5 exd5 17. Nxd5 Rc2 18. f5 Ne5 19. Kf1 Rxb2 20. Qxa7 Qh4 21. Rg3
Qxe4 22. Kg1 Nf3+ 23. Rxf3 Qxf3 24. fxg6 Qxd1+ 0-1

[Event "Titled Tue 27th May Late"]
[Site "chess.com INT"]
[Date "2025.05.27"]
[Round "9"]
[White "Mendes Aaron Reeve"]
[Black "Eljanov, Pavel"]
[Result "0-1"]
[WhiteTitle "IM"]
[BlackTitle "GM"]
[WhiteElo "2335"]
[BlackElo "2668"]
[WhiteFideId "25954938"]
[BlackFideId "14102951"]
[EventDate "2025.05.27"]

1. e4 e5 2. Nf3 Nc6 3. Bc4 Nf6 4. Ng5 d5 5. exd5 Na5 6. Bb5+ Bd7 7. Qe2 Be7 8.
Nc3 O-O 9. Nge4 c6 10. dxc6 Nxc6 11. Bxc6 Bxc6 12. d3 Nd7 13. O-O f5 14. Nd2 Bd6
15. Nc4 Bc7 16. f4 b5 17. Nxe5 Nxe5 18. fxe5 b4 19. Nd1 Qd4+ 20. Qf2 Bxe5 21.
Qxd4 Bxd4+ 22. Be3 Be5 23. Bc5 Rfe8 24. Rxf5 a5 25. Rf2 Bf6 26. c3 Re1+ 27. Rf1
Re2 28. Bf2 Rae8 29. d4 Bb5 30. b3 Bd3 31. c4 Rd2 32. Re1 Rxe1+ 33. Bxe1 Bxd4+
34. Nf2 Rxf2 35. Bxf2 Bxa1 36. Bb6 Bb1 37. Bxa5 Bd4+ 38. Kh1 Bc5 39. a3 bxa3 40.
Bc3 a2 41. b4 Bxb4 0-1

[Event "Titled Tue 27th May Late"]
[Site "chess.com INT"]
[Date "2025.05.27"]
[Round "9"]
[White "Zhukovskyi, Oleksandr"]
[Black "Swara Lakshmi S Nair"]
[Result "0-1"]
[WhiteTitle "CM"]
[BlackTitle "WCM"]
[WhiteElo "2153"]
[BlackElo "2178"]
[WhiteFideId "14169371"]
[BlackFideId "25629239"]
[EventDate "2025.05.27"]

1. b3 e5 2. Bb2 Nc6 3. c4 Nf6 4. Nf3 e4 5. Nd4 Bc5 6. Nf5 O-O 7. e3 d5 8. cxd5
Bxf5 9. dxc6 bxc6 10. Qc1 Qd6 11. Na3 Rad8 12. Nc4 Qe6 13. h3 Nd5 14. a3 Be7 15.
Na5 Rd6 16. Nb7 Rd7 17. Nc5 Bxc5 18. Qxc5 Nb6 19. Qc3 f6 20. Rc1 Rfd8 21. Rc2 a5
22. Ba6 Bg6 23. O-O Bf7 24. b4 axb4 25. axb4 Nd5 26. Bc4 Nxc3 27. Bxe6 Ne2+ 28.
Kh2 Bxe6 29. Rxc6 Rxd2 30. Ba3 Ra8 31. Bc1 Nxc1 32. Rfxc1 Re8 33. Kg3 Rb2 0-1

[Event "Titled Tue 27th May Late"]
[Site "chess.com INT"]
[Date "2025.05.27"]
[Round "9"]
[White "Zuferi, Enis"]
[Black "Gergacz, Attila"]
[Result "0-1"]
[WhiteTitle "FM"]
[BlackTitle "IM"]
[WhiteElo "2351"]
[BlackElo "2383"]
[WhiteFideId "24692530"]
[BlackFideId "730157"]
[EventDate "2025.05.27"]

1. d4 Nf6 2. c4 d6 3. Nc3 g6 4. e4 Bg7 5. Be2 Nbd7 6. Nf3 O-O 7. Qc2 e5 8. d5 a5
9. h3 Nc5 10. Be3 Re8 11. g4 c6 12. Nd2 cxd5 13. cxd5 b6 14. Bb5 Bd7 15. O-O Rf8
16. Rfc1 Bxg4 17. hxg4 Nxg4 18. Nf1 f5 19. Qe2 Qh4 20. f3 Nxe3 21. Nxe3 Bh6 22.
Rc2 fxe4 23. fxe4 Qg3+ 24. Ng2 Rf3 25. Qxf3 Qxf3 26. Rf1 Qg3 27. Re2 Bf4 28. Bc6
Rf8 29. Rxf4 exf4 0-1

[Event "Titled Tue 27th May Late"]
[Site "chess.com INT"]
[Date "2025.05.27"]
[Round "9"]
[White "Rostomyan, Mikayel"]
[Black "Khlebovich, Alexander"]
[Result "0-1"]
[WhiteTitle "FM"]
[BlackTitle "IM"]
[WhiteElo "2325"]
[BlackElo "2423"]
[WhiteFideId "13313754"]
[BlackFideId "4169123"]
[EventDate "2025.05.27"]

1. d4 Nf6 2. Nf3 g6 3. c4 Bg7 4. Nc3 d5 5. Qb3 dxc4 6. Qxc4 O-O 7. e4 a6 8. e5
b5 9. Qb3 Nfd7 10. e6 fxe6 11. Qxe6+ Kh8 12. Ng5 Nf6 13. Nf7+ Rxf7 14. Qxf7 Nc6
15. Be3 Qd6 16. Qb3 Nxd4 17. Bxd4 Qxd4 18. Be2 Bb7 19. O-O b4 20. Na4 Ne4 21.
Rad1 Nd2 22. Qc2 Bh6 23. Nc5 Bd5 24. Rxd2 Bxd2 25. Rd1 Rf8 26. Bf3 Bxf3 27. Rxd2
Qg4 0-1

[Event "Titled Tue 27th May Late"]
[Site "chess.com INT"]
[Date "2025.05.27"]
[Round "9"]
[White "Schulz, Michael1"]
[Black "Ferrara, Enzo"]
[Result "0-1"]
[WhiteTitle "FM"]
[WhiteElo "2069"]
[BlackElo "2138"]
[WhiteFideId "4616731"]
[BlackFideId "137731"]
[EventDate "2025.05.27"]

1. d4 f5 2. Bg5 c6 3. e3 Qb6 4. Bd3 Qxb2 5. Nd2 d5 6. Ngf3 Nf6 7. Bxf6 exf6 8.
O-O Bd6 9. c4 O-O 10. c5 Be7 11. a4 Qc3 12. Qe2 Qa5 13. Nb3 Qc7 14. a5 g6 15. h4
Be6 16. h5 Nd7 17. hxg6 hxg6 18. g3 Kg7 19. Kg2 Rh8 20. a6 b6 21. cxb6 axb6 22.
Qc2 c5 23. dxc5 bxc5 24. Bb5 Ne5 25. Na5 Nxf3 26. Kxf3 Rh2 27. Nc6 Bd6 28. a7 d4
29. e4 g5 30. Rfc1 Bxg3 31. fxg3 Rxc2 32. Rxc2 fxe4+ 33. Kxe4 Qd6 34. Kd3 Bf5+
35. Kd2 Bxc2 36. Kxc2 Qxg3 37. Bd3 Qg2+ 38. Kb3 Qxc6 39. Ra6 Qxa6 40. Bxa6 Rxa7 0-1

[Event "Titled Tue 27th May Late"]
[Site "chess.com INT"]
[Date "2025.05.27"]
[Round "9"]
[White "Zilberstein, Dmitry"]
[Black "Ragger, Markus"]
[Result "0-1"]
[WhiteTitle "IM"]
[BlackTitle "GM"]
[WhiteElo "2358"]
[BlackElo "2566"]
[WhiteFideId "2010739"]
[BlackFideId "1610856"]
[EventDate "2025.05.27"]

1. d4 Nf6 2. c4 g6 3. Nc3 d5 4. cxd5 Nxd5 5. g3 Bg7 6. Bg2 Nxc3 7. bxc3 O-O 8.
e3 c5 9. Ne2 Qa5 10. O-O Nc6 11. a4 Rd8 12. Qb3 Qa6 13. Qb5 Bd7 14. Qxa6 bxa6
15. Ba3 cxd4 16. cxd4 e6 17. Rfc1 Rac8 18. Bc5 Na5 19. Bxa7 Nb3 20. Rxc8 Rxc8
21. Rb1 Bxa4 22. h4 Bf8 23. Nf4 a5 24. d5 exd5 25. Bxd5 Rc1+ 26. Rxc1 Nxc1 27.
Bb6 Bb4 28. h5 g5 29. Ng2 Bb3 30. e4 a4 31. Ne3 a3 32. Bxb3 Nxb3 33. Nc2 a2 34.
Bd8 Bc3 35. e5 Nd4 0-1

[Event "Titled Tue 27th May Late"]
[Site "chess.com INT"]
[Date "2025.05.27"]
[Round "9"]
[White "Gutkin, Ilya"]
[Black "Yang, Kaiqi"]
[Result "1-0"]
[WhiteTitle "FM"]
[BlackTitle "GM"]
[WhiteElo "2320"]
[BlackElo "2481"]
[WhiteFideId "16203470"]
[BlackFideId "8604398"]
[EventDate "2025.05.27"]

1. Nf3 d5 2. g3 c6 3. Bg2 Nf6 4. c4 Bf5 5. Qb3 Qb6 6. d3 e6 7. Be3 Qxb3 8. axb3
a6 9. Nc3 Nbd7 10. cxd5 exd5 11. Nd4 Bg6 12. Nc2 Bd6 13. b4 Rc8 14. h3 O-O 15.
Kd2 Rfe8 16. Rhg1 h5 17. f4 Bf5 18. Raf1 Nf8 19. Bc5 Rcd8 20. Bxd6 Rxd6 21. Nd4
Bc8 22. f5 b6 23. Na4 N8d7 24. Rc1 Bb7 25. Bf3 Rc8 26. Nb3 Ne4+ 27. Ke3 Nef6 28.
g4 hxg4 29. hxg4 Nh7 30. g5 f6 31. g6 Ng5 32. Rh1 Re8+ 33. Kf2 Re5 34. Nd4 c5
35. bxc5 bxc5 36. Nxc5 Nf8 37. Nxb7 Rb6 38. Rc8 Rxb7 39. Rh8+ Kxh8 40. Rxf8# 1-0

[Event "Titled Tue 27th May Late"]
[Site "chess.com INT"]
[Date "2025.05.27"]
[Round "9"]
[White "Bulgurlu, Okan"]
[Black "Modric, Nesa"]
[Result "0-1"]
[WhiteTitle "CM"]
[BlackTitle "CM"]
[WhiteElo "1964"]
[BlackElo "2088"]
[WhiteFideId "6352316"]
[BlackFideId "922579"]
[EventDate "2025.05.27"]

1. d4 d5 2. g3 h5 3. h4 Bf5 4. Bg2 Nf6 5. c3 e6 6. Qb3 Qc8 7. Nf3 Nbd7 8. Bf4 c5
9. Na3 a6 10. O-O Be7 11. Ne5 c4 12. Qd1 O-O 13. Nc2 b5 14. Ne3 Bg6 15. a4 Bh7
16. f3 Nxe5 17. Bxe5 Nd7 18. g4 Nxe5 19. dxe5 Bxh4 20. axb5 axb5 21. Rxa8 Qxa8
22. gxh5 Be7 23. Ng4 Bc5+ 24. Kh1 Qd8 25. Qe1 Qg5 26. h6 Bf5 27. Qg3 Bxg4 28.
Qxg4 Qxh6+ 29. Bh3 g6 30. e4 dxe4 31. fxe4 Kg7 32. Qf3 Be7 33. Kg2 Qd2+ 34. Rf2
Qg5+ 35. Bg4 Qxe5 36. Rd2 Bd6 37. Bh3 Rh8 38. Kg1 Qg5+ 39. Bg2 Qxd2 40. e5 Bxe5 0-1

[Event "Titled Tue 27th May Late"]
[Site "chess.com INT"]
[Date "2025.05.27"]
[Round "9"]
[White "Kuznetsov, Felix"]
[Black "Sethuraman, Roshan"]
[Result "1-0"]
[WhiteTitle "FM"]
[WhiteElo "2170"]
[BlackElo "2074"]
[WhiteFideId "34147990"]
[BlackFideId "30965250"]
[EventDate "2025.05.27"]

1. e4 c5 2. Nf3 d6 3. d4 cxd4 4. Nxd4 Nf6 5. Nc3 a6 6. Be3 e5 7. Nb3 Be6 8. Qd2
Be7 9. O-O-O Nbd7 10. f4 Ng4 11. g3 Rc8 12. Kb1 Nxe3 13. Qxe3 Qc7 14. f5 Bc4 15.
Bxc4 Qxc4 16. Rd2 Nf6 17. h3 b5 18. a3 h5 19. Nd5 Nxd5 20. exd5 Qc7 21. Rg1 Kf8
22. g4 hxg4 23. hxg4 a5 24. g5 a4 25. f6 gxf6 26. gxf6 Bxf6 27. Qf3 Rh6 28. Nc1
b4 29. axb4 Ke7 30. Na2 Rh4 31. Re1 Qc4 32. Rf2 Rh6 33. Re4 Qxd5 34. Nc3 Qe6 35.
Re1 Rxc3 36. Qxc3 Bh4 37. Qc7+ Qd7 38. Rxf7+ Kxf7 39. Qxd7+ Be7 40. Rf1+ Rf6 41.
Rxf6+ Kxf6 42. b5 1-0

[Event "Titled Tue 27th May Late"]
[Site "chess.com INT"]
[Date "2025.05.27"]
[Round "9"]
[White "Distaso, Antonio Pio"]
[Black "Bagchi, Sounak"]
[Result "0-1"]
[WhiteElo "2253"]
[BlackElo "2030"]
[WhiteFideId "805548"]
[BlackFideId "30970059"]
[EventDate "2025.05.27"]

1. e4 c6 2. d4 d5 3. e5 c5 4. dxc5 Nc6 5. a3 e6 6. b4 a5 7. Bb2 axb4 8. axb4
Rxa1 9. Bxa1 Nxb4 10. Bd4 Qa5 11. Nc3 Bxc5 12. Bb5+ Bd7 13. Bxc5 Na2 14. Bxd7+
Kxd7 15. Bd4 Nxc3 16. Bxc3 Qxc3+ 17. Kf1 Qxe5 18. Nf3 Qc7 19. Qd4 Nf6 20. Ne5+
Kc8 21. c3 Ne4 22. f3 f6 23. fxe4 fxe5 24. Qa7 Rf8+ 25. Ke2 Qc4+ 26. Kd2 Kc7 0-1

[Event "Titled Tue 27th May Late"]
[Site "chess.com INT"]
[Date "2025.05.27"]
[Round "9"]
[White "Shirov, Alexei"]
[Black "Ghoreishi Amiri, Seyed Kian"]
[Result "1-0"]
[WhiteTitle "GM"]
[BlackTitle "CM"]
[WhiteElo "2620"]
[BlackElo "2215"]
[WhiteFideId "2209390"]
[BlackFideId "36757527"]
[EventDate "2025.05.27"]

1. e4 e6 2. d4 d5 3. e5 c5 4. c3 Nc6 5. Nf3 Qb6 6. a3 Nh6 7. b4 cxd4 8. Bxh6
gxh6 9. cxd4 Bd7 10. Ra2 Rc8 11. Rc2 Bg7 12. Nc3 Ne7 13. Na4 Qd8 14. Nc5 Rc7 15.
Bd3 O-O 16. O-O b6 17. Na6 Rxc2 18. Qxc2 Ng6 19. Rc1 Qe8 20. Qd2 Kh8 21. Rc7 Bb5
22. Rxa7 Bxd3 23. Qxd3 Qa4 24. g3 Kg8 25. h4 Qc6 26. h5 Nh8 27. b5 Qe8 28. Nb4
f6 29. Nc6 Rf7 30. Ra6 Rb7 31. a4 Nf7 32. Qe3 fxe5 33. dxe5 Qf8 34. Rxb6 Rc7 35.
Rb8 Rc8 36. Rxc8 Qxc8 37. Ne7+ 1-0

[Event "Titled Tue 27th May Late"]
[Site "chess.com INT"]
[Date "2025.05.27"]
[Round "9"]
[White "Fernandes, Rogerio Paulo Muller"]
[Black "Zhou, Abigail"]
[Result "0-1"]
[BlackTitle "WCM"]
[WhiteElo "2241"]
[BlackElo "1744"]
[WhiteFideId "2101599"]
[BlackFideId "39922081"]
[EventDate "2025.05.27"]

1. c4 e6 2. g3 d5 3. Bg2 Nf6 4. Nf3 dxc4 5. O-O c5 6. Ne5 Nbd7 7. Nxc4 Be7 8. b3
O-O 9. Bb2 Qc7 10. Nc3 a6 11. a4 Rb8 12. Rc1 b6 13. d4 cxd4 14. Qxd4 Bc5 15. Qh4
Bb7 16. Bxb7 Qxb7 17. Rfd1 b5 18. axb5 axb5 19. Nd6 Qb6 20. Nce4 Nxe4 21. Nxe4
Rfd8 22. Qg5 e5 23. Bxe5 Nxe5 24. Qxe5 Ba3 25. Rb1 Re8 26. Qf4 Qg6 0-1

[Event "Titled Tue 27th May Late"]
[Site "chess.com INT"]
[Date "2025.05.27"]
[Round "9"]
[White "Shapiro, Daniel"]
[Black "Yushko, Olga"]
[Result "0-1"]
[WhiteTitle "FM"]
[BlackTitle "WFM"]
[WhiteElo "2284"]
[BlackElo "2036"]
[WhiteFideId "2001780"]
[BlackFideId "14114500"]
[EventDate "2025.05.27"]

1. d4 Nf6 2. c4 e6 3. g3 d5 4. Nf3 Be7 5. Bg2 O-O 6. O-O dxc4 7. Ne5 Nc6 8. Bxc6
bxc6 9. Nxc6 Qd6 10. Nxe7+ Qxe7 11. Qa4 Bb7 12. Qxc4 Rfd8 13. Nc3 Qd6 14. Rd1
Ba6 15. Qb3 Rab8 16. Qc2 Qc6 17. Bg5 Bb7 18. f3 Qc4 19. b3 Qb4 20. a3 Qb6 21.
Bxf6 gxf6 22. Na4 Qd6 23. Qc5 Bd5 24. Qxd6 cxd6 25. Rd3 Bxb3 26. Nc3 Bc4 27. Rd2
Rb3 28. Ne4 Kg7 29. Rc1 Bd5 30. Rd3 f5 31. Ng5 Rxd3 32. exd3 h6 33. Nh3 Bxf3 34.
Rc7 Ra8 35. Nf4 Kf6 36. Kf2 Bd1 37. d5 Bb3 38. dxe6 fxe6 39. d4 a5 40. Rd7 Ra6
41. Nh5+ Kg6 42. Nf4+ Kf6 43. Nh5+ Kg5 44. Nf4 e5 45. Rg7+ Kf6 46. Nh5+ Ke6 47.
dxe5 Kxe5 48. Rg6 Rc6 49. Nf4 Rc2+ 50. Kg1 Ra2 51. Rxh6 Rxa3 0-1

[Event "Titled Tue 27th May Late"]
[Site "chess.com INT"]
[Date "2025.05.27"]
[Round "9"]
[White "Chernobay, Artem"]
[Black "Puzyrevsky, Semyon"]
[Result "0-1"]
[WhiteTitle "GM"]
[BlackTitle "FM"]
[WhiteElo "2454"]
[BlackElo "2253"]
[WhiteFideId "4167406"]
[BlackFideId "24240931"]
[EventDate "2025.05.27"]

1. d4 Nf6 2. c4 e6 3. Nf3 d5 4. e3 c6 5. Bd3 dxc4 6. Bxc4 Nbd7 7. O-O Bd6 8. Nc3
b5 9. Bd3 O-O 10. a4 b4 11. Ne4 Nxe4 12. Bxe4 Bb7 13. a5 Nf6 14. a6 Bxa6 15.
Bxh7+ Nxh7 16. Rxa6 c5 17. e4 cxd4 18. Qxd4 Be7 19. Be3 Qc8 20. Rxa7 Rxa7 21.
Qxa7 Re8 22. Rc1 Qd8 23. h3 Nf6 24. Qb7 Qd3 25. Rc7 Qd1+ 26. Kh2 Bd6+ 27. e5
Bxc7 28. Qxc7 Nd5 29. Qd7 Ra8 30. Bc5 Qa4 31. Qd6 b3 32. Bd4 Qc4 33. Qd7 Qc1 34.
g3 Qd1 35. Kg2 Qd3 36. Qb7 Ra1 37. g4 Nf4+ 38. Kh2 Qf1 39. Kg3 Ne2+ 40. Kh4 Nxd4
41. Nxd4 Qxf2+ 0-1

[Event "Titled Tue 27th May Late"]
[Site "chess.com INT"]
[Date "2025.05.27"]
[Round "9"]
[White "Gimeno Martos, Roberto"]
[Black "Dudzinski, Pawel"]
[Result "0-1"]
[WhiteTitle "CM"]
[BlackTitle "FM"]
[WhiteElo "2090"]
[BlackElo "2191"]
[WhiteFideId "2226804"]
[BlackFideId "1117890"]
[EventDate "2025.05.27"]

1. d4 f5 2. Nf3 Nf6 3. e3 d6 4. Bd3 Nc6 5. O-O e5 6. dxe5 Nxe5 7. Nxe5 dxe5 8.
Bb5+ Bd7 9. Bc4 Bd6 10. Qe2 Qe7 11. Nc3 c6 12. a4 Be6 13. b3 e4 14. Bb2 O-O 15.
Rad1 Bxh2+ 16. Kh1 Bxc4 17. Qxc4+ Kh8 18. g3 Ng4 19. Kg2 Bxg3 20. Ne2 Bxf2 21.
Qc3 Bxe3 22. Ng3 Bh6 23. Rde1 f4 24. Nh5 f3+ 25. Kg3 Qg5 26. Nxg7 Ne3+ 27. Kf2
Qg2# 0-1

[Event "Titled Tue 27th May Late"]
[Site "chess.com INT"]
[Date "2025.05.27"]
[Round "9"]
[White "Ehlvest, Jaan"]
[Black "Szpar, Milosz"]
[Result "0-1"]
[WhiteTitle "GM"]
[BlackTitle "IM"]
[WhiteElo "2532"]
[BlackElo "2475"]
[WhiteFideId "4500016"]
[BlackFideId "1184989"]
[EventDate "2025.05.27"]

1. d4 Nf6 2. Nf3 d5 3. e3 c5 4. Nbd2 cxd4 5. exd4 Qc7 6. Bd3 Bg4 7. c3 Nc6 8.
O-O e6 9. Re1 Bd6 10. h3 Bh5 11. Qe2 O-O-O 12. Bb5 g5 13. Bxc6 bxc6 14. Qa6+ Kb8
15. Ne5 Rc8 16. Nb3 Rhg8 17. f3 Nd7 18. Nxd7+ Qxd7 19. Be3 Ka8 20. c4 Bb8 21.
Nc5 Qc7 22. Kf1 Qb6 23. Qa3 Bg6 24. Rac1 Bd6 25. cxd5 cxd5 26. b4 h5 27. Bxg5
Bg3 28. Re2 Bf5 29. Bf6 Bf4 30. Rc3 Rb8 31. Rb3 Qb5 32. Qa5 Qc4 33. Be5 Rxg2 34.
Kxg2 Qxe2+ 35. Kh1 Qf1# 0-1